| LEADER | 00721nam a2200181 i 4500 | ||
|---|---|---|---|
| 003 | GR-PaULI | ||
| 005 | 20241031092124.0 | ||
| 008 | 180313s ru ||||| |||| 00| 0 rus d | ||
| 020 | |a 9545354097 | ||
| 040 | |a GR-PaULI |b gre |c GR-PaULI |e AACR2 | ||
| 082 | 0 | 4 | |2 23 |a 889.334 |
| 100 | 1 | |a Βαλτινός, Θανάσης Δημ., |d 1932-2024 |e συγγραφέας |9 319 | |
| 245 | 1 | 0 | |a ΚΡΗΛΑ ΗΑ ΒΕΚΑC / |b Tahacuc Balmuhoc. |
| 300 | |a 74 σ. ; |c 21 εκ. | ||
| 942 | |2 ddc |c BK15 | ||
| 952 | |0 0 |1 0 |2 ddc |4 0 |6 889_334000000000000_ΒΑΛ |7 0 |9 220718 |a LISP |b LISP |c DON |d 2018-03-13 |e ΒΑΛ |i 129409 |l 0 |o 889.334 ΒΑΛ |p 025000247501 |r 2018-03-13 00:00:00 |t 1 |v 2018.00 |w 2018-03-13 |y BK15 | ||
| 998 | |c ΣΑΤΛΑΝΗΣ |d 2018-03 | ||
| 999 | |c 133412 |d 133412 | ||